Bài tập giải tích
Sách gồm 3 tập cung cấp những kiến thức để giải các bài tập về phép tính vi phân và phép tính tích phân
में बचाया:
| मुख्य लेखक: | |
|---|---|
| स्वरूप: | पुस्तक |
| भाषा: | Undetermined |
| प्रकाशित: |
Hà Nội
Đại học Quốc gia Hà Nội
2005
|
| विषय: | |
| टैग : |
टैग जोड़ें
कोई टैग नहीं, इस रिकॉर्ड को टैग करने वाले पहले व्यक्ति बनें!
|
| Thư viện lưu trữ: | Trung tâm Học liệu Trường Đại học Cần Thơ |
|---|
| LEADER | 00776nam a2200205Ia 4500 | ||
|---|---|---|---|
| 001 | CTU_114384 | ||
| 008 | 210402s9999 xx 000 0 und d | ||
| 020 | |c 19800 | ||
| 082 | |a 515.076 | ||
| 082 | |b L431/T.3 | ||
| 100 | |a Trần, Đức Long | ||
| 245 | 0 | |a Bài tập giải tích | |
| 245 | 0 | |c Trần Đức Long, Nguyễn Đình Sang, Hoàng Quốc Toàn | |
| 260 | |a Hà Nội | ||
| 260 | |b Đại học Quốc gia Hà Nội | ||
| 260 | |c 2005 | ||
| 520 | |a Sách gồm 3 tập cung cấp những kiến thức để giải các bài tập về phép tính vi phân và phép tính tích phân | ||
| 650 | |a Mathematical analysis | ||
| 904 | |i M.Loan | ||
| 980 | |a Trung tâm Học liệu Trường Đại học Cần Thơ | ||